<Die> EG-Agrarpolitik Ziele, Wirkunger, Alternativen

Salvato in:
Dettagli Bibliografici
Autore principale: Rodemer, Horst
Natura: Libro
Lingua:tedesco
Pubblicazione: Tübingen Mohr 1980
Tags: Aggiungi Tag
Nessun Tag, puoi essere il primo ad aggiungerne!!

MARC

LEADER 00000nam a2200000 4500
001 c142683
005 20150325105552.0
041 0 |a ger 
044 |a DE 
245 1 0 |a <Die> EG-Agrarpolitik  |b Ziele, Wirkunger, Alternativen  |c Horst Rodemer 
264 1 |a Tübingen  |b Mohr  |c 1980 
300 |a 286 s. 
100 1 |a Rodemer, Horst